VEZETŐI KIHÍVÁSOK A MUNKAERŐ MEGTARTÁSA KAPCSÁN EGY NEMZETKÖZI VÁLLALAT PÉLDÁJÁN KERESZTÜL

Bibliographic Details
Main Author: Gál Norbert
Other Authors: Somogyi Dr. Aliz
Dallos Gábor
Format: Thesis
Kulcsszavak:motiváció
munkaerő megtartás
generációk
Online Access:http://dolgozattar.uni-bge.hu/19645

MARC

LEADER 00000nta a2200000 i 4500
001 dolg19645
005 20181214165210.0
008 181214suuuu hu om 000 hun d
040 |a BGE Dolgozattár Repozitórium  |b hun 
041 |a hu 
100 1 |a Gál Norbert 
245 1 0 |a VEZETŐI KIHÍVÁSOK A MUNKAERŐ MEGTARTÁSA KAPCSÁN EGY NEMZETKÖZI VÁLLALAT PÉLDÁJÁN KERESZTÜL  |c Gál Norbert  |h [elektronikus dokumentum] 
246 1 1 |a VEZETŐI KIHÍVÁSOK A MUNKAERŐ MEGTARTÁSA KAPCSÁN EGY NEMZETKÖZI VÁLLALAT PÉLDÁJÁN KERESZTÜL 
695 |a motiváció 
695 |a munkaerő megtartás 
695 |a generációk 
700 1 |a Somogyi Dr. Aliz  |e ths 
700 1 |a Dallos Gábor  |e ths 
856 4 0 |u http://dolgozattar.uni-bge.hu/19645/1/Szakdolgozat_G%C3%A1l%20Norbert.pdf  |z Dokumentum-elérés